[Event "Druga liga Srbije grupa Vojvodina 2013"]
[Site "Stari Banovci"]
[Date "2013.11.04"]
[Round "1.1"]
[White "Mujagic, Ramo"]
[Black "Sertic, Rudolf"]
[Result "0-1"]
[WhiteElo "2285"]
[BlackElo "2358"]
[PlyCount "164"]
[EventDate "2013.11.04"]

1. e4 c5 2. Nf3 e6 3. d3 d5 4. Nbd2 Nf6 5. g3 Nc6 6. Bg2 Be7 7. O-O a6 8. Re1
Qc7 9. Qe2 b5 10. e5 Nd7 11. Nf1 Bb7 12. h4 h6 13. N1h2 b4 14. c3 a5 15. Bd2
Ba6 16. c4 d4 17. h5 Bb7 18. Ng4 O-O-O 19. a3 Rdg8 20. Bf4 g5 21. Bd2 Bf8 22.
Nfh2 Bg7 23. f4 gxf4 24. Bxf4 b3 25. Kf2 a4 26. Bf3 Bf8 27. Rad1 Be7 28. Rg1
Bg5 29. Rde1 Ne7 30. Bxb7+ Qxb7 31. Qf3 Nf5 32. Qxb7+ Kxb7 33. Nf3 Bxf4 34.
gxf4 Ng7 35. Nd2 Nxh5 36. Kf3 Ng7 37. Ne4 Nf5 38. Ngf6 Nxf6 39. Nxf6 Rxg1 40.
Rxg1 Kc6 41. Nh5 Kc7 42. Ke4 Kd7 43. Kf3 Ke7 44. Ke4 Ne3 45. Kf3 Nf5 46. Rg4
Kf8 47. Rg1 Nh4+ 48. Ke4 Ke7 49. Rg4 Ng6 50. Rg1 Nf8 51. Rg2 Nd7 52. Rg1 Kf8
53. f5 Rg8 54. Rxg8+ Kxg8 55. Kf4 Kf8 56. Ke4 Ke7 57. f6+ Ke8 58. Kf4 Nf8 59.
Ke4 Ng6 60. Ng3 Nh4 61. Nh5 Kd7 62. Nf4 Nf5 63. Kf3 Ne3 64. Nh5 Nc2 65. Ng3
Nxa3 66. Ne4 Nc2 67. Nxc5+ Kc6 68. Nxa4 h5 69. c5 Nb4 70. Ke4 h4 71. Nb6 Nxd3
72. Nc4 Nxc5+ 73. Kf4 d3 74. Nd2 Kd5 75. Ke3 Kxe5 76. Nf3+ Kxf6 77. Nxh4 e5 78.
Nf3 Ke6 79. Ng5+ Ke7 80. Nf3 f6 81. Nd2 f5 82. Nc4 Ke6 0-1

[Event "Druga liga Srbije grupa Vojvodina 2013"]
[Site "Stari Banovci"]
[Date "2013.11.04"]
[Round "1.1"]
[White "Vujadinovic, Goran"]
[Black "Savanovic, Vuk"]
[Result "0-1"]
[WhiteElo "2364"]
[BlackElo "2297"]
[PlyCount "80"]
[EventDate "2013.11.04"]

1. e4 c5 2. d3 Nc6 3. g3 g6 4. Bg2 Bg7 5. f4 d6 6. Nf3 Nh6 7. h3 f5 8. O-O O-O
9. c3 Kh8 10. Na3 Rb8 11. Be3 b5 12. e5 dxe5 13. Bxc5 exf4 14. gxf4 b4 15. cxb4
Nxb4 16. d4 Na6 17. Bxa7 Rb7 18. Bc5 Nxc5 19. dxc5 Qa5 20. Rf2 Qxc5 21. Rc1 Qe3
22. Nc4 Qxf4 23. Nfe5 Qg5 24. Rc3 Rc7 25. Qa4 Be6 26. Qa5 Rfc8 27. b3 Bxc4 28.
Rxc4 Rxc4 29. bxc4 Qc1+ 30. Bf1 Qe3 31. Qa6 Rf8 32. Nc6 Ng4 33. hxg4 fxg4 34.
Qa7 Qxa7 35. Nxa7 Bd4 36. Nc6 Bxf2+ 37. Kh1 Bc5 38. Bg2 Rf2 39. a4 Ra2 40. a5
Ra1+ 0-1

[Event "Druga liga Srbije grupa Vojvodina 2013"]
[Site "Stari Banovci"]
[Date "2013.11.04"]
[Round "1.1"]
[White "Mastrapovic, Vladimir"]
[Black "Cabarkapa, Velibor"]
[Result "1/2-1/2"]
[WhiteElo "2280"]
[BlackElo "2289"]
[PlyCount "96"]
[EventDate "2013.11.04"]

1. e4 c5 2. Nf3 e6 3. d4 cxd4 4. Nxd4 Nf6 5. Nc3 Nc6 6. Nxc6 bxc6 7. e5 Nd5 8.
Ne4 Qc7 9. f4 Qb6 10. c4 Bb4+ 11. Ke2 f5 12. Ng5 Ba6 13. Kf3 Nc7 14. Be3 Qb7
15. Kf2 Be7 16. Qc2 Rb8 17. b3 c5 18. Be2 O-O 19. Rad1 Rbd8 20. Rd3 Qc8 21.
Rhd1 Bb7 22. Qd2 Bc6 23. Bf3 Bxf3 24. Nxf3 Rf7 25. Qa5 Na6 26. a3 h6 27. Rd6
Bxd6 28. Rxd6 Nb8 29. Qxa7 Nc6 30. Qxc5 Qa8 31. Rd3 Rc8 32. b4 Qa4 33. Qd6 Qc2+
34. Nd2 g5 35. Ke2 Rg7 36. fxg5 hxg5 37. b5 Na5 38. Qb4 f4 39. Qxa5 fxe3 40.
Rxe3 Rxc4 41. Qd8+ Kh7 42. Rh3+ Rh4 43. Rxh4+ gxh4 44. Qxh4+ Kg8 45. g3 Qc5 46.
Qd8+ Kh7 47. Qh4+ Kg8 48. Qd8+ Kh7 1/2-1/2

[Event "Druga liga Srbije grupa Vojvodina 2013"]
[Site "Stari Banovci"]
[Date "2013.11.04"]
[Round "1.1"]
[White "Krejic, Igor"]
[Black "Bogic, Stevan"]
[Result "1/2-1/2"]
[WhiteElo "2216"]
[BlackElo "2195"]
[PlyCount "23"]
[EventDate "2013.11.04"]

1. e4 c5 2. c3 e6 3. d4 d5 4. exd5 exd5 5. Nf3 Nf6 6. Be3 Qb6 7. Qc2 Nc6 8.
Nbd2 Bg4 9. Be2 Rc8 10. Nb3 c4 11. Nbd2 Be7 12. O-O 1/2-1/2

[Event "Druga liga Srbije grupa Vojvodina 2013"]
[Site "Stari Banovci"]
[Date "2013.11.04"]
[Round "1.1"]
[White "Markovic, Dragan M"]
[Black "Dimitrijevic, Nenad"]
[Result "0-1"]
[WhiteElo "2022"]
[BlackElo "2197"]
[PlyCount "116"]
[EventDate "2013.11.04"]

1. Nf3 Nf6 2. c4 g6 3. g3 Bg7 4. Nc3 d6 5. d4 O-O 6. Bg2 Nc6 7. O-O a6 8. d5
Na5 9. Nd2 c5 10. a3 b5 11. cxb5 axb5 12. Nxb5 Ba6 13. Nc3 Ng4 14. Re1 Ne5 15.
Qc2 Qb6 16. b3 Rfb8 17. Rb1 Ra7 18. Na4 Qb5 19. Nc3 Qb6 20. Na4 Qd8 21. h3 h5
22. f4 Nd7 23. Bb2 Bxb2 24. Nxb2 Rab7 25. Nbc4 Nxc4 26. bxc4 Qa5 27. Rxb7 Rxb7
28. Ra1 Kg7 29. Be4 Rb8 30. Bd3 Bc8 31. Kh2 Nb6 32. Nf3 Na4 33. Rb1 Rxb1 34.
Qxb1 Nb6 35. f5 gxf5 36. Bxf5 Qxa3 37. Bxc8 Nxc8 38. Ng5 Kf6 39. h4 Qe3 40.
Qf1+ Ke5 41. Nxf7+ Kd4 42. Qd1+ Kxc4 43. Ng5 Nb6 44. Qc2+ Kxd5 45. Qf5+ Kc6 46.
Qc2 c4 47. Nh3 d5 48. Qg6+ Kc5 49. Qxh5 c3 50. Nf4 c2 51. Nd3+ Qxd3 52. exd3
c1=Q 53. Qe2 Kd6 54. h5 Qg5 55. Kg2 Nd7 56. d4 Nf6 57. Qa6+ Kd7 58. Qb7+ Ke8
0-1

[Event "Druga liga Srbije grupa Vojvodina 2013"]
[Site "Stari Banovci"]
[Date "2013.11.04"]
[Round "1.2"]
[White "Runic, Zoran"]
[Black "Cabarkapa, Novak"]
[Result "1/2-1/2"]
[WhiteElo "2424"]
[BlackElo "2402"]
[PlyCount "110"]
[EventDate "2013.11.04"]

1. e4 d5 2. exd5 Qxd5 3. Nc3 Qd6 4. g3 Nf6 5. Bg2 g6 6. d4 Bg7 7. Bf4 Qb6 8.
Qd2 c6 9. O-O-O O-O 10. h4 h5 11. Nh3 Bg4 12. f3 Bf5 13. Bh6 Qa5 14. Bxg7 Kxg7
15. Rhe1 Bxh3 16. Bxh3 e6 17. a3 Nbd7 18. Ne4 Qxd2+ 19. Rxd2 Nxe4 20. fxe4 Rfd8
21. c4 c5 22. Red1 Nf6 23. dxc5 Rdc8 24. b4 Nxe4 25. Rd7 Re8 26. Rxb7 Nf2 27.
Rf1 Nxh3 28. Rfxf7+ Kg8 29. Rg7+ Kh8 30. Rh7+ Kg8 31. Rbg7+ Kf8 32. Rxa7 Rxa7
33. Rxa7 e5 34. Kd2 Nf2 35. c6 e4 36. Rd7 Nd3 37. c7 Ne5 38. Rd8 Nxc4+ 39. Ke2
Nb6 40. Rb8 Nc8 41. a4 Ke7 42. a5 Kd7 43. a6 Re6 44. b5 Kxc7 45. Rb7+ Kd6 46.
a7 Nxa7 47. Rxa7 Re5 48. Ra6+ Ke7 49. b6 Rb5 50. Ke3 Rb4 51. Kf4 Kf6 52. b7+
Kf7 53. Ra7 Kf6 54. Ke3 Kf5 55. Ra5+ Kf6 1/2-1/2

[Event "Druga liga Srbije grupa Vojvodina 2013"]
[Site "Stari Banovci"]
[Date "2013.11.04"]
[Round "1.2"]
[White "Varga, Zoltan"]
[Black "Radusinovic, Lazar"]
[Result "1-0"]
[WhiteElo "2441"]
[BlackElo "2281"]
[PlyCount "45"]
[EventDate "2013.11.04"]

1. e4 c5 2. Nf3 Nc6 3. Bb5 d6 4. d4 cxd4 5. Qxd4 Bd7 6. Bxc6 Bxc6 7. Bg5 h6 8.
Bh4 Qa5+ 9. Nc3 Nf6 10. Bxf6 gxf6 11. O-O Qc5 12. Qd3 e6 13. Rfe1 Be7 14. a3 a6
15. b4 Qb6 16. Rad1 Rd8 17. Nd4 d5 18. exd5 Bxd5 19. Nxd5 Rxd5 20. Qc4 O-O 21.
Nxe6 fxe6 22. Rxd5 exd5 23. Qg4+ 1-0

[Event "Druga liga Srbije grupa Vojvodina 2013"]
[Site "Stari Banovci"]
[Date "2013.11.04"]
[Round "1.2"]
[White "Elez, Nikola"]
[Black "Jesenski, Tibor"]
[Result "0-1"]
[WhiteElo "2217"]
[BlackElo "2328"]
[PlyCount "76"]
[EventDate "2013.11.04"]

1. e4 e5 2. Nf3 Nc6 3. Bc4 Nf6 4. d3 Be7 5. c3 O-O 6. Bb3 d6 7. Nbd2 Na5 8. Bc2
c5 9. Nf1 Nc6 10. Ng3 Re8 11. O-O Bf8 12. Re1 b5 13. a4 b4 14. h3 Rb8 15. d4
cxd4 16. cxd4 exd4 17. Nxd4 Nxd4 18. Qxd4 b3 19. Bd3 Qa5 20. Be3 a6 21. Red1
Nd7 22. Bd2 Qc5 23. Bc3 Qxd4 24. Bxd4 Nc5 25. Bxc5 dxc5 26. Bc4 g6 27. Rd3 Rb4
28. Bd5 Be6 29. Rc1 c4 30. Rdc3 Rc8 31. Bxe6 fxe6 32. e5 Bh6 33. Rd1 Bf4 34.
Rf3 Bxe5 35. Ne4 Bxb2 36. Rd7 Be5 37. Nf6+ Bxf6 38. Rxf6 b2 0-1

[Event "Druga liga Srbije grupa Vojvodina 2013"]
[Site "Stari Banovci"]
[Date "2013.11.04"]
[Round "1.2"]
[White "Arbutina, Sinisa"]
[Black "Indjic, Stefan"]
[Result "1-0"]
[WhiteElo "2280"]
[BlackElo "2097"]
[PlyCount "53"]
[EventDate "2013.11.04"]

1. d4 d5 2. c4 e6 3. Nc3 Nf6 4. Nf3 Nbd7 5. Bf4 c6 6. e3 Be7 7. c5 a5 8. a3 Nh5
9. Bd3 Nxf4 10. exf4 b6 11. b4 Qc7 12. g3 f6 13. O-O axb4 14. axb4 Rxa1 15.
Qxa1 bxc5 16. bxc5 e5 17. Bf5 exd4 18. Nxd4 Nxc5 19. Qa8 Kf7 20. Nxd5 cxd5 21.
Qxd5+ Kf8 22. Bxc8 Qxc8 23. Ra1 Nb7 24. Ne6+ Ke8 25. Ra8 Qxa8 26. Nc7+ Kf8 27.
Nxa8 1-0

[Event "Druga liga Srbije grupa Vojvodina 2013"]
[Site "Stari Banovci"]
[Date "2013.11.04"]
[Round "1.2"]
[White "Zobenica, Ivan"]
[Black "Marjanusic, Vladimir"]
[Result "1/2-1/2"]
[WhiteElo "2064"]
[BlackElo "2272"]
[PlyCount "119"]
[EventDate "2013.11.04"]

1. e4 e5 2. Nf3 Nc6 3. Bc4 Nf6 4. d3 Be7 5. Nc3 O-O 6. O-O d6 7. h3 Na5 8. Be3
c6 9. Bg5 h6 10. Bh4 Nh7 11. Bg3 b5 12. Bb3 Nxb3 13. axb3 f5 14. exf5 Bxf5 15.
Qe2 Nf6 16. Nh4 Bh7 17. b4 a5 18. Rxa5 Rxa5 19. bxa5 b4 20. Nd1 Nd5 21. Qg4 Qc8
22. Qxc8 Rxc8 23. Ne3 Nf4 24. Nhf5 Bf8 25. Ra1 d5 26. a6 Ra8 27. Kf1 d4 28.
Nxd4 exd4 29. Bxf4 dxe3 30. a7 b3 31. Bxe3 bxc2 32. Ke2 Bb4 33. Ra4 c5 34. b3
Bf5 35. Ra2 Be6 36. Rxc2 Rxa7 37. Bxc5 Bxc5 38. Rxc5 Bxb3 39. Ke3 Kf7 40. h4
Ke7 41. g4 Kd6 42. Rb5 Bd5 43. f4 Bc6 44. Rb8 Kd5 45. Rb4 Re7+ 46. Re4 Kd6 47.
Rxe7 Kxe7 48. f5 h5 49. g5 Kd6 50. Kf4 Bb5 51. d4 Bd3 52. g6 Kd5 53. Kg5 Kxd4
54. f6 gxf6+ 55. Kxf6 Kd5 56. g7 Bh7 57. Kg5 Ke5 58. Kxh5 Kf6 59. Kh6 Bg8 60.
h5 1/2-1/2

[Event "Druga liga Srbije grupa Vojvodina 2013"]
[Site "Stari Banovci"]
[Date "2013.11.04"]
[Round "1.2"]
[White "Vidic, Stevan"]
[Black "Gavric, Zivojin"]
[Result "1/2-1/2"]
[WhiteElo "2278"]
[BlackElo "2124"]
[PlyCount "98"]
[EventDate "2013.11.04"]

1. d4 d5 2. Nf3 c6 3. e3 Bg4 4. c4 Bxf3 5. Qxf3 e6 6. Nc3 Nf6 7. Bd3 Nbd7 8.
O-O Be7 9. Rd1 Qa5 10. Bd2 dxc4 11. Bxc4 Qh5 12. Qg3 Qg6 13. Qf4 O-O 14. h3 Nb6
15. Bb3 Rad8 16. Rac1 Bd6 17. Qf3 e5 18. Bc2 Qh5 19. Qxh5 Nxh5 20. dxe5 Bxe5
21. Bb3 Nf6 22. f4 Bd6 23. e4 Bc5+ 24. Kf1 Bd4 25. e5 Nfd5 26. Ke2 Rfe8 27. Kf3
Kf8 28. Nxd5 Nxd5 29. Bxd5 Rxd5 30. Bb4+ Kg8 31. Bc3 Red8 32. Bxd4 Rxd4 33.
Rxd4 Rxd4 34. Ke3 Rd5 35. Rc3 Kf8 36. Rb3 b6 37. Rc3 Ra5 38. a3 c5 39. g3 Ke7
40. Ke4 g6 41. Kd5 Kd7 42. Rd3 Ra4 43. Rd2 h5 44. h4 Ke7 45. Rd3 Kd7 46. Rd2
Ke7 47. Rd3 Kd7 48. Rd1 Ke7 49. Rd3 Kd7 1/2-1/2

[Event "Druga liga Srbije grupa Vojvodina 2013"]
[Site "Stari Banovci"]
[Date "2013.11.04"]
[Round "1.3"]
[White "Galyas, Miklos"]
[Black "Indjic, Dusan"]
[Result "0-1"]
[WhiteElo "2435"]
[BlackElo "2291"]
[PlyCount "100"]
[EventDate "2013.11.04"]

1. d4 Nf6 2. c4 c5 3. d5 b5 4. Qc2 bxc4 5. e4 e6 6. Bxc4 exd5 7. exd5 Be7 8.
Nc3 O-O 9. Nge2 d6 10. O-O Ba6 11. b3 Bxc4 12. bxc4 Nbd7 13. Ng3 Ne5 14. Nd1
Re8 15. Bb2 Bf8 16. Ne3 g6 17. Rae1 Bg7 18. f4 Ned7 19. Bc3 Rb8 20. h3 Qc8 21.
Ng4 h5 22. Nxf6+ Nxf6 23. Kh1 Qa6 24. Bxf6 Bxf6 25. Rxe8+ Rxe8 26. f5 Qa5 27.
Ne4 Rxe4 28. Qxe4 g5 29. Qf3 Qxa2 30. Qxh5 Qxc4 31. Rb1 Kg7 32. Qg4 Qxg4 33.
hxg4 c4 34. Kg1 Bd4+ 35. Kf1 Kf6 36. Ke2 Ke5 37. Rb5 f6 38. g3 Ke4 39. Ra5 Bb6
40. Rb5 Kd4 41. Kd2 Bc5 42. Kc2 Kxd5 43. Kc3 Kc6 44. Rb8 Kd5 45. Rb5 Kc6 46.
Rb8 a5 47. Re8 Kb5 48. Re6 d5 49. Kb2 d4 50. Kc2 Bb4 0-1

[Event "Druga liga Srbije grupa Vojvodina 2013"]
[Site "Stari Banovci"]
[Date "2013.11.04"]
[Round "1.3"]
[White "Petakov, Uros"]
[Black "Vlahovic, Bogdan"]
[Result "1-0"]
[WhiteElo "2348"]
[BlackElo "2329"]
[PlyCount "107"]
[EventDate "2013.11.04"]

1. d4 f5 2. e4 fxe4 3. Nc3 Nf6 4. Bg5 Nc6 5. f3 e3 6. Bxe3 e6 7. Bc4 Bb4 8.
Nge2 O-O 9. a3 Ba5 10. O-O Bb6 11. Qd2 Kh8 12. Kh1 d5 13. Ba2 Ne7 14. Na4 Bd7
15. Nxb6 axb6 16. Nf4 Qe8 17. Rfe1 Ng6 18. c4 Qf7 19. Rac1 c6 20. Nxg6+ Qxg6
21. Bf4 dxc4 22. Bb1 Qf7 23. Bd6 Rfe8 24. Re5 b5 25. Rg5 e5 26. Bxe5 Re6 27. f4
Rf8 28. Rc3 Rxe5 29. dxe5 Nd5 30. Rf3 h6 31. Qc2 Qg8 32. f5 Nf4 33. Rg4 Nd3 34.
e6 Ne1 35. f6 Nxc2 36. fxg7+ Qxg7 37. Rxg7 Bxe6 38. Rxf8+ Kxg7 39. Rf4 Ne3 40.
Re4 Bf5 41. Rxe3 Bxb1 42. Re7+ Kf6 43. Rxb7 Be4 44. Kg1 Ke5 45. Kf2 Kd4 46.
Rd7+ Bd5 47. g4 c3 48. bxc3+ Kxc3 49. h4 Kb3 50. Rxd5 cxd5 51. g5 hxg5 52. hxg5
d4 53. g6 d3 54. g7 1-0

[Event "Druga liga Srbije grupa Vojvodina 2013"]
[Site "Stari Banovci"]
[Date "2013.11.04"]
[Round "1.3"]
[White "Mijatovic, Dejan"]
[Black "Stanojevic, Branko"]
[Result "1/2-1/2"]
[WhiteElo "2273"]
[BlackElo "2291"]
[PlyCount "44"]
[EventDate "2013.11.04"]

1. d4 Nf6 2. Nf3 c5 3. e3 g6 4. Nbd2 Bg7 5. Bd3 Nc6 6. O-O d6 7. Nb3 b6 8. c3
O-O 9. e4 Qc7 10. Re1 e5 11. dxe5 Nxe5 12. Nxe5 dxe5 13. Qe2 Bb7 14. Nd2 Rad8
15. f3 Nh5 16. Nf1 Nf4 17. Bxf4 exf4 18. Rad1 Bf6 19. Rd2 Rd7 20. Red1 Rfd8 21.
Bc4 Be5 22. Rxd7 Rxd7 1/2-1/2

[Event "Druga liga Srbije grupa Vojvodina 2013"]
[Site "Stari Banovci"]
[Date "2013.11.04"]
[Round "1.3"]
[White "Kovacevic, Dragan"]
[Black "Lalic, Dragan"]
[Result "1/2-1/2"]
[WhiteElo "2236"]
[BlackElo "2266"]
[PlyCount "52"]
[EventDate "2013.11.04"]

1. e4 d6 2. d4 Nf6 3. f3 e5 4. Be3 Be7 5. Nd2 exd4 6. Bxd4 Nc6 7. Bc3 O-O 8.
Nb3 Re8 9. Ne2 d5 10. e5 Nd7 11. f4 Nc5 12. g3 Bf5 13. Bg2 Be4 14. O-O Bxg2 15.
Kxg2 Ne4 16. Be1 Qd7 17. Nc3 Rad8 18. Qf3 f6 19. Nxe4 dxe4 20. Qxe4 fxe5 21.
fxe5 Qd5 22. Qxd5+ Rxd5 23. Bc3 Nxe5 24. Rad1 Rxd1 25. Rxd1 Bd6 26. Re1 Re7
1/2-1/2

[Event "Druga liga Srbije grupa Vojvodina 2013"]
[Site "Stari Banovci"]
[Date "2013.11.04"]
[Round "1.3"]
[White "Sevo, Dusan"]
[Black "Kovacevic, Djordje"]
[Result "1/2-1/2"]
[WhiteElo "2238"]
[BlackElo "2104"]
[PlyCount "49"]
[EventDate "2013.11.04"]

1. g3 d5 2. Bg2 Nf6 3. d3 h6 4. Nf3 Nc6 5. O-O e5 6. c4 Be6 7. cxd5 Nxd5 8. a3
a5 9. b3 Bd6 10. Bb2 Qd7 11. Nbd2 Nde7 12. Qc2 O-O 13. Nc4 f6 14. e4 b5 15. Ne3
a4 16. b4 Rac8 17. Rac1 Rfd8 18. Qe2 Qe8 19. Rfd1 Bb3 20. Rd2 Nxb4 21. d4 Nbc6
22. Qxb5 Rb8 23. Qe2 exd4 24. Nxd4 Nxd4 25. Rxd4 1/2-1/2

[Event "Druga liga Srbije grupa Vojvodina 2013"]
[Site "Stari Banovci"]
[Date "2013.11.04"]
[Round "1.3"]
[White "Skoko, Milan"]
[Black "Popov, Stevan"]
[Result "1/2-1/2"]
[WhiteElo "2239"]
[BlackElo "2188"]
[PlyCount "65"]
[EventDate "2013.11.04"]

1. e4 e5 2. Nf3 Nc6 3. Nc3 Nf6 4. d4 exd4 5. Nxd4 Bb4 6. Nxc6 bxc6 7. Bd3 d5 8.
exd5 cxd5 9. O-O O-O 10. h3 Be6 11. Qf3 c6 12. Bg5 Be7 13. Ne2 h6 14. Bf4 Bd6
15. Rfe1 Re8 16. Nd4 Bxf4 17. Qxf4 c5 18. Nxe6 Rxe6 19. Rxe6 fxe6 20. c4 Qb6
21. Qd2 Rd8 22. Qe2 Rd6 23. f4 Qb4 24. Rd1 Kf8 25. b3 Ke7 26. f5 Qc3 27. cxd5
Nxd5 28. Be4 Nf4 29. Qf1 Rxd1 30. Qxd1 exf5 31. Kh2 Qe5 32. Kh1 Ke6 33. Kh2
1/2-1/2

[Event "Druga liga Srbije grupa Vojvodina 2013"]
[Site "Stari Banovci"]
[Date "2013.11.04"]
[Round "1.4"]
[White "Stojanovic, Dalibor"]
[Black "Sipos, Istvan"]
[Result "1/2-1/2"]
[WhiteElo "2508"]
[BlackElo "2474"]
[PlyCount "43"]
[EventDate "2013.11.04"]

1. e4 e6 2. d4 d5 3. Nd2 c5 4. Ngf3 cxd4 5. Nxd4 Nf6 6. exd5 Nxd5 7. N2f3 Bb4+
8. Bd2 O-O 9. Bxb4 Nxb4 10. c3 Nd5 11. Bc4 b6 12. Nc2 Nf4 13. Qxd8 Rxd8 14. O-O
Bb7 15. Rfd1 Nd7 16. Rd4 e5 17. Rd2 Bxf3 18. gxf3 Nc5 19. Rad1 Rxd2 20. Rxd2
Kf8 21. Ne3 Rc8 22. Kf1 1/2-1/2

[Event "Druga liga Srbije grupa Vojvodina 2013"]
[Site "Stari Banovci"]
[Date "2013.11.04"]
[Round "1.4"]
[White "Bulajic, Ratko"]
[Black "Ratkovic, Milovan"]
[Result "1/2-1/2"]
[WhiteElo "2284"]
[BlackElo "2267"]
[PlyCount "34"]
[EventDate "2013.11.04"]

1. d4 d5 2. c4 c6 3. Nc3 Nf6 4. Nf3 a6 5. Qc2 dxc4 6. a4 Bg4 7. e3 Bxf3 8. gxf3
e6 9. Bxc4 c5 10. dxc5 Bxc5 11. Bd2 Nc6 12. Rc1 Rc8 13. f4 Nb4 14. Qb3 Nd3+ 15.
Bxd3 Qxd3 16. Qc2 Qxc2 17. Rxc2 Bb4 1/2-1/2

[Event "Druga liga Srbije grupa Vojvodina 2013"]
[Site "Stari Banovci"]
[Date "2013.11.04"]
[Round "1.4"]
[White "Tokovic, Svetozar"]
[Black "Ratkovic, Miloje"]
[Result "0-1"]
[WhiteElo "2237"]
[BlackElo "2273"]
[PlyCount "80"]
[EventDate "2013.11.04"]

1. Nf3 d5 2. g3 Nc6 3. Bg2 e5 4. O-O Nf6 5. d3 Be7 6. Nbd2 O-O 7. e4 dxe4 8.
Nxe4 Nxe4 9. dxe4 Bd6 10. Be3 Be6 11. Qe2 Qe7 12. Rfd1 Bc5 13. c3 Bxe3 14. Qxe3
f6 15. Nd2 Rfd8 16. Nb3 b6 17. Bf3 Qf7 18. Rxd8+ Rxd8 19. Rd1 Rf8 20. Qd3 Bxb3
21. axb3 Qxb3 22. Qd5+ Qxd5 23. exd5 Nb8 24. Ra1 a6 25. Ra4 f5 26. Rc4 Rc8 27.
d6 c6 28. Bd5+ Kf8 29. Be6 Rd8 30. Bxf5 g6 31. Bg4 Rxd6 32. Re4 Rd2 33. b3 Rd3
34. Rc4 Ke7 35. Kf1 b5 36. Re4 Kd6 37. f4 Nd7 38. fxe5+ Nxe5 39. Bc8 Rxc3 40.
Rh4 h5 0-1

[Event "Druga liga Srbije grupa Vojvodina 2013"]
[Site "Stari Banovci"]
[Date "2013.11.04"]
[Round "1.4"]
[White "Desnica, Vladan"]
[Black "Ivanovic, Miroslav"]
[Result "1-0"]
[WhiteElo "2274"]
[BlackElo "2069"]
[PlyCount "80"]
[EventDate "2013.11.04"]

1. d4 Nf6 2. c4 e6 3. Nc3 Bb4 4. Nf3 d5 5. Qa4+ Nc6 6. a3 Be7 7. Bf4 O-O 8. e3
Bd7 9. Qc2 Bd6 10. Bg5 dxc4 11. Bxc4 h6 12. Bh4 Be7 13. O-O Nh5 14. Bxe7 Qxe7
15. Rad1 Rad8 16. Rfe1 a6 17. Ba2 Bc8 18. Bb1 f5 19. e4 Qf6 20. e5 Qf7 21. Kh1
Nf4 22. g3 Qh5 23. Re3 Nh3 24. Ne2 Nxf2+ 25. Kg2 Nxd1 26. Qxd1 Nxd4 27. Rd3 c5
28. Nf4 Qf7 29. Ba2 Nc6 30. Rd6 g5 31. Nd3 g4 32. Nh4 b6 33. Nf4 Nd4 34. Kf2
Rxd6 35. exd6 Rd8 36. Qe1 Qf6 37. Nh5 Qg5 38. Nf4 Qg7 39. Nxe6 Bxe6 40. Bxe6+
Kh8 1-0

[Event "Druga liga Srbije grupa Vojvodina 2013"]
[Site "Stari Banovci"]
[Date "2013.11.04"]
[Round "1.4"]
[White "Roganovic, Nebojsa"]
[Black "Orlov, Konstantin"]
[Result "1/2-1/2"]
[WhiteElo "2222"]
[BlackElo "2236"]
[PlyCount "94"]
[EventDate "2013.11.04"]

1. e4 c5 2. Nf3 d6 3. Bb5+ Bd7 4. Bxd7+ Qxd7 5. c4 g6 6. Nc3 Bg7 7. d4 cxd4 8.
Nxd4 Nc6 9. Be3 Nf6 10. f3 O-O 11. O-O Nh5 12. Rc1 Rac8 13. Nxc6 bxc6 14. Qa4
Rc7 15. Rfd1 Be5 16. Rc2 f5 17. c5 fxe4 18. cxd6 exd6 19. Nxe4 Nf4 20. Rcd2 d5
21. Nc5 Qe7 22. Bf2 Bd6 23. Qc2 Qg5 24. Bg3 Re7 25. Nd3 Nxd3 26. Rxd3 Bxg3 27.
hxg3 Re6 28. Kf2 Rfe8 29. R1d2 Qe5 30. Qd1 Qd6 31. Rc2 Qb4 32. Qd2 Qb6+ 33. Kf1
Re5 34. g4 Qb5 35. Kf2 a5 36. Qc3 R5e6 37. Rdd2 Qb6+ 38. Kg3 Qc7+ 39. Kh3 g5
40. g3 Qf7 41. Kg2 Qa7 42. Rf2 h6 43. Qd3 Qb6 44. Rfe2 Rxe2+ 45. Rxe2 Rxe2+ 46.
Qxe2 Kf7 47. Qc2 Qe3 1/2-1/2

[Event "Druga liga Srbije grupa Vojvodina 2013"]
[Site "Stari Banovci"]
[Date "2013.11.04"]
[Round "1.4"]
[White "Munizaba, Slobodan"]
[Black "Dekic, Josip"]
[Result "1/2-1/2"]
[WhiteElo "2335"]
[BlackElo "2276"]
[PlyCount "46"]
[EventDate "2013.11.04"]

1. c4 Nf6 2. Nf3 g6 3. b3 Bg7 4. Bb2 O-O 5. g3 c6 6. Bg2 d5 7. O-O a5 8. d3 Na6
9. Nbd2 a4 10. Bc3 axb3 11. axb3 Bf5 12. Qb1 Qd7 13. Rd1 Bh3 14. Bh1 Rfd8 15.
Qb2 h6 16. b4 Nc7 17. Rxa8 Rxa8 18. e4 dxe4 19. Nxe4 Nce8 20. Nc5 Qc7 21. Ra1
Rxa1+ 22. Qxa1 b6 23. Na6 Qd6 1/2-1/2

[Event "Druga liga Srbije grupa Vojvodina 2013"]
[Site "Stari Banovci"]
[Date "2013.11.04"]
[Round "1.5"]
[White "Sekulic, Dusan"]
[Black "Marholev, Dimitar"]
[Result "0-1"]
[WhiteElo "2298"]
[BlackElo "2303"]
[PlyCount "94"]
[EventDate "2013.11.04"]

1. d4 Nf6 2. Nf3 g6 3. c4 Bg7 4. g3 O-O 5. Bg2 c5 6. O-O cxd4 7. Nxd4 Nc6 8.
Nc3 Qb6 9. Nc2 d6 10. Rb1 Qa5 11. h3 Be6 12. Ne3 Ne5 13. Ned5 Nxd5 14. cxd5 Bf5
15. e4 Bd7 16. Qb3 b5 17. a3 Nc4 18. Na2 Rfc8 19. Nb4 Rab8 20. Qa2 Qd8 21. b3
a5 22. Nc2 Nb6 23. Rd1 a4 24. Nb4 axb3 25. Rxb3 Na4 26. Bd2 Bd4 27. Be1 Qb6 28.
Qd2 Nc3 29. Nc2 Be5 30. Rc1 Qc5 31. Nb4 Ne2+ 32. Qxe2 Qxc1 33. Kh2 Qc4 34. Rd3
Ra8 35. f4 Bg7 36. Qf3 Qc1 37. Bd2 Qa1 38. Nc6 Bxc6 39. dxc6 Rxc6 40. e5 Rac8
41. Qe3 Rc4 42. Bb7 Rf8 43. Bd5 Rfc8 44. exd6 exd6 45. Qe7 Bd4 46. Be3 Rc2+ 47.
Rd2 Qf1 0-1

[Event "Druga liga Srbije grupa Vojvodina 2013"]
[Site "Stari Banovci"]
[Date "2013.11.04"]
[Round "1.5"]
[White "Dragojlovic, Andjelko"]
[Black "Azaric, Slavko"]
[Result "1/2-1/2"]
[WhiteElo "2337"]
[BlackElo "2294"]
[PlyCount "78"]
[EventDate "2013.11.04"]

1. e4 e5 2. Nc3 Nf6 3. Bc4 Nxe4 4. Qh5 Nd6 5. Bb3 Be7 6. Nf3 Nc6 7. Nxe5 g6 8.
Nxc6 dxc6 9. Qf3 O-O 10. O-O Nf5 11. d3 Nd4 12. Qd1 Bf5 13. Bh6 Re8 14. Ne4 Qd7
15. c3 Nxb3 16. axb3 Red8 17. b4 Qxd3 18. Qxd3 Rxd3 19. Nc5 Bxc5 20. bxc5 a5
21. Rfe1 Be6 22. h3 a4 23. Re4 a3 24. Rxa3 Rxa3 25. bxa3 b5 26. cxb6 cxb6 27.
Ra4 f6 28. Ra7 Rd7 29. Ra8+ Kf7 30. Rf8+ Ke7 31. Rb8 Rd1+ 32. Kh2 Rd3 33. Rxb6
Rxc3 34. Rb7+ Bd7 35. Rb8 c5 36. Bf8+ Kf7 37. Rb7 Kxf8 38. Ra7 Rb3 39. a4 Ra3
1/2-1/2

[Event "Druga liga Srbije grupa Vojvodina 2013"]
[Site "Stari Banovci"]
[Date "2013.11.04"]
[Round "1.5"]
[White "Vencl, Radivoje"]
[Black "Petkovic, Radosav"]
[Result "1-0"]
[WhiteElo "2284"]
[BlackElo "2264"]
[PlyCount "64"]
[EventDate "2013.11.04"]

1. e4 e5 2. Bc4 Nf6 3. Qe2 Nc6 4. Nf3 h6 5. Nc3 d6 6. h3 g6 7. d3 Na5 8. Bd5 c6
9. Bxf7+ Kxf7 10. b4 Bg7 11. bxa5 Qxa5 12. Bd2 Qc7 13. O-O Re8 14. Rab1 Kg8 15.
Nh2 Nh5 16. Be3 Be6 17. Qd2 g5 18. h4 Nf4 19. hxg5 hxg5 20. g3 Qf7 21. f3 Bh3
22. Rfd1 Re6 23. Ne2 Rg6 24. g4 d5 25. Ng3 d4 26. Bxf4 gxf4 27. Nf5 Rf6 28. Qb4
b6 29. Qa4 Qc7 30. Qc4+ Kh7 31. Kf2 Rg8 32. Rh1 Kg6 1-0

[Event "Druga liga Srbije grupa Vojvodina 2013"]
[Site "Stari Banovci"]
[Date "2013.11.04"]
[Round "1.5"]
[White "Kokeza, Mirko"]
[Black "Vucinic, Gojko"]
[Result "1-0"]
[WhiteElo "2280"]
[BlackElo "2294"]
[PlyCount "63"]
[EventDate "2013.11.04"]

1. d4 Nf6 2. c4 g6 3. Nc3 d5 4. cxd5 Nxd5 5. e4 Nxc3 6. bxc3 Bg7 7. Bg5 c5 8.
Rc1 O-O 9. Nf3 Bg4 10. d5 Qd6 11. Qd2 Bxf3 12. gxf3 e6 13. c4 exd5 14. cxd5 f5
15. Bf4 Be5 16. Be3 Bd4 17. Bxd4 cxd4 18. Qxd4 Qf4 19. Qe3 fxe4 20. fxe4 Nd7
21. Qxf4 Rxf4 22. Bg2 Kf7 23. Rc7 Ke8 24. Rxb7 Rc8 25. O-O Rc3 26. e5 Rc2 27.
e6 Ne5 28. d6 Rfc4 29. Rb8+ Rc8 30. d7+ Nxd7 31. exd7+ Kxd7 32. Bh3+ 1-0